vufinder Bibliothèque Municipale de Charleval de Provence
Se connecter

Quitter Téhéran

Book Cover
Auteur principal: Naïri Nahapétian
Support: Livres
Langue: Francais
Publié: 2023 Bayard Paris
Genre: Documentaire
Sujets:
Étiquettes: Ajouter
Pas de Tags !

LEADER 01000nam0a2200193 450
001 16848344
010 |a 978-2-227-50091-4  |b br.  |d 18 € 
100 |a 20230123d2023 u u0frey01 ba 
101 0 |a fre 
102 |a FR 
200 0 |a Quitter Téhéran  |f Naïri Nahapétian 
207 1 |a   
210 |a Paris  |c Bayard  |d 2023 
215 |a 1 vol. (200 p.)  |d 21 x 13 cm 
330 |a Au moment de la révolution islamique, l'auteure, âgée de 9 ans, quitte Téhéran pour Paris avec sa mère. Son père ne les rejoint jamais. Des années plus tard, elle se lance dans une enquête pour comprendre l'interdiction faite à ce dernier de partir. Remontant le fil de ses souvenirs, elle met en lumière le sort réservé alors à la minorité arménienne ainsi que la politique contemporaine en Iran. Electre 2023 
700 0 |a Nahapétian  |b Naïri  |4 70 
900 |a Documentaire 
901 |a Accessible au prêt 
995 |a Bibliothèque  |c Bibliothèque  |f 00156012861746  |h 00156012861746  |k 955 NAH  |o p  |q a  |r az  |e Bibliothèque 

Options de recherche

Historique de recherche
Recherche avancée

Trouver plus

Nouveautés

Besoin d'aide ?

Contacter un bibliothécaire